000 00850nam 2200205 4500
001 5959
090 _a5959
100 _a20190729k u||y0frey50 ba
101 _afre
200 _aInterview des prisonniers de la fraction Armée Rouge à Stammheim
_bBrochure
_fComité de Soutien aux Prisonniers de la RAF
210 _aBruxelles
_aParis
_cComité de Soutien aux Prisonniers de la RAF
_d1977
215 _a31 p.
_d30 cm
225 _aCahiers de combattants anti-impérialistes
601 _96798
_aPrison de Stammheim
_yStuttgart (Allemagne)
601 _92412
_aFraction Armée Rouge (FAR)
_yAllemagne : République Fédérale (RFA)
_z1970-1998
606 _9387
_aPrison
607 _91802
_aAllemagne : République Fédérale (RFA) : 1949-1990
608 _9912
_aInterview
710 _96800
_aComité de Soutien aux Prisonniers de la RAF
801 _aCH
_bCH-002049-8